=LDR 00000nam 2200000 4500 =001 INLIS000000000000373 =005 20150311090013.0 =006 =007 =008 Ind =035 ##$$0010-061300000000373 =041 ##$$a Ind =082 ##$$a 907 =090 ##$$a 907 Ilm =245 ##$$a IPS sejarah 3 untuk kelas 3 SLTP dikembangkan dan disesuaikan dengan kurikulum SLTP / GBPP 1994 =260 ##$$a Jakarta $b Yudhistira $c 1996 =300 ##$$a 152 hlm. : ilus. ; 25 cm =650 ##$$a Sejarah =650 ##$$a Studi dan pengajaran =850 ##$$a NBPNMAT